000 00448nam a2200157 4500
040 _cDLC
082 0 0 _a621 ENG 1968 A106 Or.
100 1 _aWestlake, John H.
245 1 0 _aApplied mathematics for electronics
260 _aEnglewood Cliffs, N.J.,
_bPrentice-Hall
_c[1968]
300 _axv, 608 p.
_billus.
_c24 cm.
490 0 _aPrentice-Hall series in technical mathematics
650 0 _aElectronics
700 1 _aNoden, Gordon E.,
942 _cEK
999 _c16779
_d16779